000 00886nam a2200265 i 4500
001 bg
100 1 _aAwrejcewicz, Jan
_d(1952- ).
245 1 0 _aPodstawy automatyki :
_bteoria i przykłady /
_cJan Awrejcewicz, Wiesław Wodzicki ; Politechnika Łódzka. Katedra Automatyki i Biomechaniki.
260 _aŁódź :
_bWydaw. PŁ,
_c2001.
300 _a293 s. :
_bil. ;
_c24 cm.
490 1 _aPodręczniki Akademickie / Politechnika Łódzka
504 _aBibliogr.
650 9 _aAutomatyka
655 _aPodręczniki akademickie
700 1 _aWODZICKI, Wiesław
710 0 _aPolitechnika Łódzka
_bKatedra Automatyki i Biomechaniki
830 0 _aPodręczniki Akademickie (Politechnika Łódzka)
020 _a8372830436
040 _cBPK
041 0 _apl
080 _a681.5(075.8)
920 _a83-7283-043-6
942 _cKS
008 s pl f |000 0 pol
999 _c42108
_d42108
856 _uhttp://koha.tu.koszalin.pl/cgi-bin/koha/opac-detail.pl?biblionumber=42108
_yKatalog online BPK